000 01047nam a2200253 a 4500
001 80421
003 BD-RjUL
005 20230714201744.0
008 220925s2012 bg a|||| m||| 00| 0 eng d
035 _a(BD-RjUL)80421
040 _aBD-RjUL
_beng
_cBD-RjUL
_dBD-RjUL
041 _aeng
082 _223
_a572.53954922
_bBES 2012
100 _aBegum, Nazma
_94969
245 1 0 _aSome Physico-Chemical and Biological Properties of Water in Dhaka City and Their Environmental Impacts /
_cby Nazma Begum ;
_6Supervisor : M. Sarwar Jahan; Co-Supervisor : Mohammad Abdur Rob
260 _aRajshahi :
_bInstitute of Environmental Science, University of Rajshahi,
_c2012
300 _a[4], xiii, 180 leaves :
_bill.;
_c29 cm.
502 _aThesis(Ph.D.)-- Institute of Environmental Science,University of Rajshahi,2012
504 _aReferences : Leaves 142-153
650 _aBiochemistry
_xWater
_zBangladesh
_zDhaka City
_94970
700 _aJahan, M. Sarwar, Supervisor
_94971
700 _aRob, Mohammad Abdur, Co-Supervisor
_94972
942 _2ddc
_cTHE
999 _c80421
_d80421